Connacht Senior Cup by Winners (Rugby) - Statistics

General Stats
  • This quiz has been taken 2 times
  • The average score is 7 of 12
Answer Stats
N Club Titles First Titles Last Title % Correct
9 Ballina 2 1950-51 1978-79
100%
4 Buccaneers 10 1998-99 2022-23
100%
1 Corinthians 34 1932-33 2010-11
100%
3 Galwegians 17 1925-26 2015-16
100%
7 Sligo 3 1913-14 2019-20
100%
7 Ballinasloe 3 1947-48 1991-92
50%
10 Connemara 1 2002-03 2002-03
50%
1 UCG 34 1896-97 1988-99
50%
5 Athlone 5 1954-55 1990-91
0%
10 Galway Grammar School 1 1897-98 1897-98
0%
5 Galway Town 5 1895-96 1921-22
0%
10 Loughrea 1 1930-31 1930-31
0%
No matching quizzes found
Score Distribution
Percent of People with Each Score
Percentile by Number Answered
Your Score History
You have not taken this quiz